Políticas de inversión extranjera : (Registro nro. 5665)

Detalles MARC
000 -LEADER
fixed length control field 00754nam a2200193Ia 4500
003 - CONTROL NUMBER IDENTIFIER
control field OSt
005 - DATE AND TIME OF LATEST TRANSACTION
control field 20200621011140.0
008 - FIXED-LENGTH DATA ELEMENTS--GENERAL INFORMATION
fixed length control field 191128s1995 ck fr 000 0 spa d
040 ## - CATALOGING SOURCE
Original cataloging agency CO-JMCR
Transcribing agency CO-JMCR
041 0# - LANGUAGE CODE
Language code of text/sound track or separate title spa
082 04 - DEWEY DECIMAL CLASSIFICATION NUMBER
Classification number 332.673 /
Item number P779p
Edition number 23
245 10 - TITLE STATEMENT
Title Políticas de inversión extranjera :
Remainder of title tratados de promoción y protección de inversiones Bit's /
Statement of responsibility, etc. Coinvertir
260 ## - PUBLICATION, DISTRIBUTION, ETC.
Place of publication, distribution, etc. Bogotá :
Name of publisher, distributor, etc. Coinvertir,
Date of publication, distribution, etc. 1995
300 ## - PHYSICAL DESCRIPTION
Extent 212 páginas ;
Dimensions 22 cm.
505 0# - FORMATTED CONTENTS NOTE
Formatted contents note Políticas de inversión extranjera Colombia y el contexto Latinoamericano -- Mecanismos jurídicos para la protección y promoción de la inversión extranjera
650 14 - SUBJECT ADDED ENTRY--TOPICAL TERM
Topical term or geographic name entry element Inversiones extranjeras
9 (RLIN) 5941
650 14 - SUBJECT ADDED ENTRY--TOPICAL TERM
Topical term or geographic name entry element Política de inversiones
9 (RLIN) 5944
942 ## - ADDED ENTRY ELEMENTS (KOHA)
Source of classification or shelving scheme Dewey Decimal Classification
Koha item type Books
Existencias
Withdrawn status Lost status Source of classification or shelving scheme Damaged status Not for loan Collection code Home library Current library Date acquired Source of acquisition Cost, normal purchase price Total Checkouts Full call number Barcode Date last seen Date last checked out Copy number Koha item type
    Dewey Decimal Classification     Non-fiction Biblioteca Pública José María del Castillo y Rada Biblioteca Pública José María del Castillo y Rada 04/15/2018 Donación 0.00 1 332.673 / S253t 430003267 05/16/2024 01/26/2024 Ej.1 Books